[Event "Chess Olympiad (Women)"]
[Site "Tromso NOR"]
[Date "2016.09.12"]
[EventDate "2016.09.02"]
[Round "10.32"]
[Result "1-0"]
[White "Alexandra Botez"]
[Black "Misaki Shibata"]
[WhiteElo "2092"]
[BlackElo "1638"]
[PlyCount "143"]

1. d4 d5 2. c4 e6 3. Nf3 Nf6 4. Nc3 Be7 5. e3 O-O 6. Be2 b6
7. O-O Bb7 8. cxd5 exd5 9. Ne5 c5 10. f4 Nbd7 11. Bf3 Re8
12. Qc2 a6 13. g4 Nf8 14. g5 N6d7 15. Bxd5 Bxd5 16. Nxd5 Nxe5
17. Nxe7+ Qxe7 18. dxe5 Red8 19. Bd2 Ng6 20. Bc3 c4 21. Bd4 b5
22. Rf2 Rac8 23. Qe4 Qd7 24. f5 Nf8 25. Raf1 Rc6 26. Rf3 b4
27. Qh4 c3 28. bxc3 bxc3 29. Rc1 c2 30. Qe4 Rdc8 31. f6 Ne6
32. Qf5 Qd8 33. Rh3 g6 34. Qg4 Qc7 35. Rh6 Nf8 36. Qh4 Qd8
37. Kg2 Rb8 38. Qe4 Rbc8 39. Rh3 Qa5 40. Qd3 Qxa2 41. Rf3 Ne6
42. h4 Qc4 43. Qe4 a5 44. Rf2 Qa4 45. h5 Rc4 46. hxg6 Qc6
47. gxf7+ Kxf7 48. Qxc6 R4xc6 49. Kf3 Nxg5+ 50. Ke2 h5 51. Rh2
Kg6 52. Kd3 a4 53. e4 Ne6 54. Rg2+ Kf7 55. Be3 a3 56. Rgg1 a2
57. Ra1 Rc3+ 58. Ke2 c1=Q 59. Rgxc1 Rxc1 60. Bxc1 Rc2+ 61. Kd3
Rg2 62. Bd2 Nc5+ 63. Kc4 Nxe4 64. Be3 h4 65. Kd5 Nc3+ 66. Kd6
Ne4+ 67. Kd5 Nc3+ 68. Kd4 Ne2+ 69. Ke4 Nc3+ 70. Kf5 Nd5
71. e6+ Kf8 72. Bc5+ 1-0